Lord denning's report (Record no. 493902)

000 -LEADER
fixed length control field 00322cam a22001097a 4500
008 - FIXED-LENGTH DATA ELEMENTS--GENERAL INFORMATION
fixed length control field 180718b1963 xxu||||| |||| 00| 0 eng d
082 ## - DEWEY DECIMAL CLASSIFICATION NUMBER
Classification number N2x42 Un3
245 ## - TITLE STATEMENT
Title Lord denning's report
Statement of responsibility, etc. by Her Majestry's Stationery Office
260 ## - PUBLICATION, DISTRIBUTION, ETC.
Place of publication, distribution, etc. London
Name of publisher, distributor, etc. The author
Date of publication, distribution, etc. 1963
300 ## - PHYSICAL DESCRIPTION
Extent 113p.
700 ## - ADDED ENTRY--PERSONAL NAME
Personal name Her Majestry's Stationery Office
Holdings
Withdrawn status Lost status Damaged status Not for loan Permanent Location Current Location Date acquired Full call number Barcode Date last seen Price effective from Koha item type
        Indian Institute of Public Administration Indian Institute of Public Administration 2018-08-04 N2x42 Un3 G4129 2018-08-04 2018-08-04 G

Powered by Koha